Planet Her songs - Doja Cat - Statistics

General Stats
  • This quiz has been taken 145 times
  • The average score is 10 of 14
Answer Stats
Feature Song % Correct
SZA Kiss Me More
98%
Woman
91%
Ariana Grande I Don't Do Drugs
84%
Need To Know
82%
You Right
78%
Naked
74%
JID Options
73%
Young Thug Payday
72%
Ain't Shit
69%
Get Into It (Yuh)
69%
Alone
62%
Been Like This
58%
Love To Dream
57%
Imagine
54%
No matching quizzes found
Score Distribution
Percent of People with Each Score
Percentile by Number Answered
Your Score History
You have not taken this quiz